Průběh a perspektivy arabské ekonomické integrace
Charakteristika trhu arabského sveta a podmienky integrácie. Rada spolupráce Zálivu. Maghrebská integrácia a Únia arabského Maghrebu. Veľká zóna arabského voľného obchodu (GAFTA). Zapojenie arabských krajín do procesu globalizácie.
Salvato in:
| Autore principale: | |
|---|---|
| Natura: | Capitolo di libro |
| Lingua: | ceco |
| Soggetti: | |
| Tags: |
Nessun Tag, puoi essere il primo ad aggiungerne!!
|
MARC
| LEADER | 00000naa$a2200000$$$4500 | ||
|---|---|---|---|
| 001 | 0069243 | ||
| 005 | 20231016092834.7 | ||
| 041 | 0 | |a cze | |
| 044 | |a CZ | ||
| 245 | 1 | 0 | |a Průběh a perspektivy arabské ekonomické integrace |c Jaroslav Bureš |
| 520 | |a Charakteristika trhu arabského sveta a podmienky integrácie. Rada spolupráce Zálivu. Maghrebská integrácia a Únia arabského Maghrebu. Veľká zóna arabského voľného obchodu (GAFTA). Zapojenie arabských krajín do procesu globalizácie. | ||
| 610 | 2 | 0 | |a integrácia ekonomická medzinárodná |
| 610 | 2 | 0 | |a spolupráca hospodárska medzinárodná |
| 610 | 2 | 0 | |a obchod zahraničný |
| 610 | 2 | 0 | |a obchod voľný |
| 610 | 2 | 0 | |a liberalizácia |
| 610 | 2 | 0 | |a organizácie medzinárodné |
| 610 | 2 | 0 | |a Arabské štáty |
| 100 | 1 | |a Bureš, Jaroslav | |